000 01045nam a2200277 cb4500
001 000030466
003 RuMoIPM
005 20260504114648.0
008 230210s1988 ru ||||||| |||| ||rus d
020 _a5-02-014410-X
035 _a(RuMoBEN) 002082979
035 _a(ELAR retro) [2022] 000030649
040 _aRuMoBEN
_brus
_ercr
041 0 _arus
044 _aru
080 _a517.91/.96(081)
080 _a517.983(081)
080 _a517.977.5(081)
080 _a517.977.8(081)
245 1 0 _aТ. 2
_bДифференциальные уравнения. Теория операторов. Оптимальное управление. Дифференциальные игры
_cЛ. С. Понтрягин
260 _c1988
300 _a575 с., [1] л. портр.
_bил.
504 _aБиблиогр. в конце гл.
773 _aПонтрягин, Лев Семенович
_tИзбранные научные труды: [В 3 т.]
_dМосква: Наука, 1988-
_w000030464
_gТ. 2
_z5-02-013754-5
942 _cBK
999 _c30466
_d30466